Statystyki dla Największe miasta w województwie łódzkim A-Z

Kliknij tutaj aby rozwiązać quiz!

Ogólne statystyki

  • Ten quiz został rozwiązany 7 460 razy
    (4 305 od ostatniego zresetowania)
  • Średni wynik to 8 z 17

Statystyki odpowiedzi

#MiastoPopulacja% Poprawnych
ŁŁódź670 642
98%
PPiotrków Trybunalski68 978
74%
BBełchatów54 338
67%
ZZgierz55 079
63%
AAleksandrów Łódzki22 148
61%
SSkierniewice46 437
57%
TTomaszów Mazowiecki59 388
57%
RRadomsko44 441
54%
KKutno42 255
50%
OOpoczno19 738
49%
WWieluń21 270
44%
UUniejów2 932
32%
GGłowno13 506
23%
ŻŻychlin7 815
15%
DDziałoszyn5 477
13%
LLututów2 214
13%
JJeżów1 278
10%

Rozkład punktacji

Percentyl według liczby udzielonych odpowiedzi

Procent ludzi z każdym wynikiem

Twoja historia wyników

Nie rozwiązałeś tego quizu od ostatniego zresetowania